000
00483nam a2200181Ia 4500
008
100917s9999 xx 000 0 und d
082
_b
6815
100
_a
अत्रे प्रल्हाद केशव
245
_a
सुभाष कथा
260
_b
---
_c
1964
300
_a
280
365
_b
10
520
_a
चरित्र
630
_a
सुभाष कथा
650
_a
चरित्र
730
_a
सुभाष कथा
942
_c
BOOK
999
_c
612209
_d
612206